000 00568nam a2200217Ia 4500
003 OSt
005 20250521095926.0
008 220927b |||||||| |||| 00| 0 eng d
020 _a9788120349391
037 _cTextual
040 _aSDCL
_cSDCL
_beng
041 _2eng
_aeng
084 _aD661,8:845 Q4
100 _aA. Anand Kumar
_9460870
245 0 _aControl systems
250 _a2nd
260 _aDelhi :
_bPHI Learning,
_c2014.
300 _axx,872p.
942 _cTEXL
_2CC
_n0
999 _c786158
_d786158